Statistics for Liverpool all time xi

Click here to take the quiz!

General Stats

  • This quiz has been taken 42 times
  • The average score is 7 of 11

Answer Stats

HintAnswer% Correct
FW(Egypt)Mohamed Salah
100%
DF(Netherlands)Virgil van Dijk
94%
FW(Senegal)Sadio Mané
89%
MF(England)Steven Gerrard
83%
FW(Wales)Ian Rush
81%
DF(Scotland)Andrew Robertson
75%
DF(England)Trent Alexander-Arnold
67%
MF(Scotland)Kenny Dalglish
64%
MF(Scotland)Graeme Souness
36%
GK(England)Ray Clemence
31%
DF(Scotland)Alan Hansen
25%

Score Distribution

Percentile by Number Answered

Percent of People with Each Score

Your Score History

You have not taken this quiz